000 00661nam a22001337a 4500
040 _cRUA
082 _aAGR TEP 2013 B056 Or.1
100 _aTEP PHARAN
245 _aEffect of different kind organic materials to methanogens activit, (ប្រសិទ្ធភាពនៃប្រភេទសារធាតុសរីរាង្គផ្សេងៗគ្នា ទៅលើសកម្មភាពរបស់បាក់តេរីមេតាណូសែន)​
260 _aphnom penh
_bRUA
_c2013
300 _axii, 47p.
_bill.
_c29cm.
856 _uhttps://drive.google.com/file/d/13mOSzhXhJW8PiFD234nil2j11yXyJyt3/view?usp=sharing
942 _cAGR
999 _c1399
_d1399